| 000 | 00828cam a22002895a 4500 | ||
|---|---|---|---|
| 003 | OSt | ||
| 005 | 20140317081727.0 | ||
| 008 | 100312s2010 nyu 000 0 eng | ||
| 010 | _a 2010924652 | ||
| 020 | _a9780545152969 | ||
| 020 | _a0545060508 | ||
| 040 |
_aDLC _cDLC _dDLC |
||
| 042 | _apcc | ||
| 050 |
_aPZ 7 _b.H126 2010 |
||
| 100 | 1 |
_aHaddix, Margaret Peterson. _96174 |
|
| 245 | 1 | 0 |
_aInto the gauntlet / _cMargaret Peterson Haddix. |
| 260 |
_aNew York : _bScholastic, _c2010. |
||
| 300 |
_a327 p. : _c21 cm. |
||
| 490 | 0 |
_aThe 39 clues ; _v10 |
|
| 521 | _aG4 | ||
| 526 | _c660 | ||
| 856 | 4 | 2 |
_3Publisher description _uhttp://www.loc.gov/catdir/enhancements/fy1009/2010924652-d.html |
| 906 |
_a0 _bibc _corignew _d2 _eepcn _f20 _gy-gencatlg |
||
| 942 |
_2lcc _cBK |
||
| 999 |
_c47446 _d47446 |
||